Fernando (All Lyrics) - ABBA - Statistics

General Stats
  • This quiz has been taken 100 times
  • The average score is 247 of 330
Answer Stats
Answer % Correct
Fernando?
100%
Fernando
100%
I
100%
the
100%
The
100%
a
98%
so
98%
you
98%
You
98%
In
97%
in
97%
was
97%
me
94%
me,
94%
There
94%
there
94%
We
94%
we
94%
air
92%
and
92%
And
92%
Can
92%
can
92%
hear
92%
night
92%
night,
92%
something
92%
were
92%
Were
92%
we're
92%
bright,
90%
that
90%
for
89%
For
89%
stars
87%
drums,
86%
drums
86%
to
86%
They
83%
do
81%
Do
81%
no
81%
If
78%
had
76%
shining
75%
could
73%
liberty,
73%
same
73%
my
71%
would,
71%
your
68%
again,
67%
friend,
67%
of
65%
There's
63%
there's
63%
remember
62%
see
60%
this
59%
regret
56%
afraid,
54%
it
54%
lose
54%
lose,
54%
young
54%
like
52%
Though
52%
from
51%
now,
51%
Now
51%
never
49%
not
49%
full
48%
us
48%
firelight,
46%
long
46%
distant
44%
I'm
44%
life
44%
ago
43%
die
43%
thought
43%
guitar
41%
starry
41%
eyes
40%
say
40%
another
38%
coming
38%
prepared
38%
afar
37%
made
37%
none
37%
Almost
35%
cry
35%
humming
35%
softly
35%
strumming
35%
yourself
35%
calls
33%
closer
33%
Grande?
33%
How
33%
Rio
33%
still
33%
sounds
32%
ashamed
30%
Every
30%
every
30%
fight
30%
old
30%
gray,
29%
hand
29%
minute
29%
cannons
27%
crossed
27%
freedom
27%
guns
27%
hour,
27%
last
27%
seemed
27%
bugle
25%
land
25%
many
25%
eternally
24%
proud
24%
seen
24%
years
24%
haven't
22%
recall
22%
rifle
22%
roar
22%
Since
22%
here
19%
fateful
17%
No matching quizzes found
Score Distribution
Percent of People with Each Score
Percentile by Number Answered
Your Score History
You have not taken this quiz